000 005560000a22001810004500
020 _a9968-894-10-9
041 0 _aSPA
082 0 4 _aG 261.8 M754e
100 1 _aMonsma, Timothy
245 1 0 _aEsperanza para el mundo del Sur : El poder del Reino de Dios para transformar culturas / Timothy Monsma
260 _aSan José : Confraternidad Latinoamericana de Iglesias Reformadas
300 _a212 Pág.
001 14156
942 _cBK
999 _c43065
_d43065
336 _atexto
_btxt
_2rdacontent
337 _2rdamedia
_asin mediación
_bn
338 _2rdacarrier
_avolumen
_bnc